Statistiken für Anime mit tipp erraten

Klicken Sie hier um das Quiz zu spielen!

Allgemein

  • Dieses Quiz wurde 1.796 mal gespielt
  • Das Durchschnittsergebnis liegt bei 9 aus 15

Antwortstatistiken

HinweisAnime% Korrekt
Innerhalb der MauernAttack on Titan
93%
Talk-no-JutsuNaruto
85%
HeldenschuleMy Hero Academia
83%
BleichmittelBleach
79%
TeufelsjägerDemon Slayer
70%
Vater JagenHunter x Hunter
68%
OP heldOne Punch Man
68%
Tentakel LehrerAssasination Classroom
63%
WikingerVinland Saga
63%
Bizzares AbenteuerJoJos bizzarre adventure
60%
7 für den WunschDragon ball
53%
Waifus in SpielenSword art Online
32%
EgoBlue lock
27%
Wikepedia in einem JungenDr. Stone
22%
12 jahre hin und herTokyo Revengers
16%

Verteilung der Resultate

Perzentil nach korrekt beantworteten Fragen

Anzahl Personen mit jedem Resultat

Ihre Resultats-Entwicklung

Sie haben dieses Quiz noch nicht gespielt